[Event "Braunfels SM 2025"]
[Site "?"]
[Date "2025.02.28"]
[Round "2"]
[Board "5"]
[White "Hilgert, Günter"]
[Black "Himmelspacht, Maxim"]
[Result "0-1"]
[WhiteElo "883"]
[BlackElo "1732"]
[PlyCount "50"]
[GameId "2154003819423653"]
[SourceVersionDate "2025.02.08"]

{[%evp 21,49,4,5,-9,-12,-163,-165,-168,-167,-163,-114,-256,-110,-111,-113,-225,-75,-202,-94,-104,-102,-196,-211,-212,-211,-217,-217,-900,-908,-29999]} 1. e4 e6 2. d4 d5 3. exd5 exd5 4. Nf3 Nf6 5. Bg5 Bd6 6. Bd3 O-O 7. O-O Bg4 8. Nbd2 Nbd7 9. c3 c6 10. Re1 Qc7 11. Qc2 Rfe8 12. Rxe8+ {C01: Französische Verteidigung (Abtauschvariante).} Rxe8 13. Re1 $2 {[%eval -163,21]} (13. h3 $11 {[%eval -12,19]} Be6 14. Nf1) 13... Rxe1+ $19 14. Nxe1 {Schwarz steht deutlich besser.} Bxh2+ 15. Kf1 $146 (15. Kh1 Bf4 16. Nef3 h6 17. Bxf4 Qxf4 18. g3 Bxf3+ 19. Kg1 Qg4 20. Nxf3 Qxf3 21. Be2 {0-1 Turner,S-Fathallah,J (1962) South Wales op 4th Caerleon 2007 (4)}) 15... Bf4 {[%eval -114,18]} ({Vorzuziehen ist} 15... h6 $19 {[%eval -163,19]} 16. Be3 Bd6) 16. Nef3 {[%eval -256,22]} (16. Bxf4 $17 {[%eval -114,18] war nötig.} Qxf4 17. Kg1) 16... h6 {[%eval -110,19]} (16... Bxg5 $19 {[%eval -256,22]} 17. Nxg5 Qh2) 17. Bxf4 $17 Qxf4 18. Qb3 {[%eval -225,19]} (18. g3 $17 {[%eval -113,19]} Bh3+ 19. Kg1) 18... Nb6 {[%eval -75,19]} (18... Ne4 $19 {[%eval -225,19]} 19. Ke1 b5) 19. Qa3 {[%eval -202,19] [#]} (19. g3 $17 {[%eval -75,19]} Bh3+ 20. Kg1) 19... Nc8 {[%eval -94,20]} (19... Bxf3 $1 $19 {[%eval -202,19] und Schwarz behält klar die Oberhand.} 20. Nxf3 Nc8) 20. Qa5 b6 $36 {[%mdl 2048] Schwarz bestimmt, wo es lang geht.} 21. Qa6 {[%eval -196,19]} (21. Qa4 $17 {[%eval -102,20]}) 21... Ne4 $19 22. Bxe4 dxe4 23. g3 Qf5 24. Ng1 {[%eval -900,16]} (24. Nh4 {[%eval -217,20]} Qg5 25. Nc4) 24... e3 {[%csl Ge3][%cal Rf5f2] [#]} 25. Nc4 Qxf2# {Gewichteter Fehlerwert: Weiß=1.20/Schwarz=0.43  Fehler:       	Weiß=6     	Schwarz=4     Ungenau:       	Weiß=1     	---        OK:         	Weiß=2     	Schwarz=4     Bester:       	Weiß=2     	Schwarz=2} 0-1

[Event "Braunfels SM 2025"]
[Site "?"]
[Date "2025.02.21"]
[Round "2"]
[Board "6"]
[White "Henzelmann, Matthias"]
[Black "Darsania, Badri"]
[Result "1-0"]
[WhiteElo "1568"]
[BlackElo "1902"]
[PlyCount "75"]
[GameId "524619324538"]
[SourceVersionDate "2025.02.08"]

{[%evp 9,75,53,67,14,8,-17,47,62,82,83,100,55,44,30,24,-48,-53,-72,-15,-17,8,-59,-49,-38,12,0,54,0,0,-37,-29,-50,79,95,108,116,164,43,67,63,71,58,45,45,63,44,40,38,162,151,171,159,233,162,179,179,162,183,185,184,166,120,147,149,246,253,266,265]} 1. d4 d5 2. c4 c6 3. Nf3 Nf6 4. e3 g6 5. Nc3 Bg7 6. Qc2 {[%eval 14,17] D94: Grünfeldindisch (Geschlossenes System).} (6. Bd3 $14 {[%eval 67,18]}) 6... O-O $11 7. h3 dxc4 {[%eval 47,18]} (7... c5 $11 {[%eval -17,17]}) 8. Bxc4 $14 {Weiß steht etwas besser.} Nbd7 9. O-O a5 $146 (9... c5 10. Rd1 cxd4 11. exd4 Nb6 12. Bb3 Nbd5 13. Nxd5 Nxd5 14. Bg5 Be6 15. Qe4 Rc8 {0-1 Zeitler,H (2052)-Baramidze,D (2569) Nuremberg LGA Cup 4th 2007 (1)}) 10. a4 {[%eval 55,19] Weiß steht deutlich aktiver.} (10. e4 $16 {[%eval 100,18]}) 10... Nb6 11. Bd3 Nfd5 12. b3 {[%eval -48,17]} (12. Nxd5 $11 {[%eval 24,18]} Nxd5 13. Qe2) 12... Nb4 $15 13. Qd2 Nxd3 {[%eval -15,16]} (13... e5 $17 {[%eval -72,18]}) 14. Qxd3 $11 e5 15. Rd1 {[%eval -59,19]} (15. Ba3 $11 {[%eval 8,19]}) 15... exd4 $15 16. Nxd4 Qh4 {[%eval 12,19]} (16... c5 $1 $15 {[%eval -38,19]} 17. Nde2 Qxd3 18. Rxd3 Bf5) 17. Bb2 Nd7 {[%eval 54,18]} (17... Rd8 $11 {[%eval 0,17]} 18. Qe2 h6) 18. Nf3 {[%eval 0,19]} (18. Ba3 $14 {[%eval 54,18]}) 18... Qh5 $11 19. Rab1 {[%eval -37,20]} (19. Nd4 $11 {[%eval 0,19]}) 19... Nc5 $15 {[%csl LRb3,LRd3][%cal Bd7c5,Bc5e6,Be6f4,Bf4h3][%mdl 32]} 20. Qc2 {[%cal Oc3d5]} Bf5 {[%eval 79,21]} (20... Bxh3 $1 $15 {[%eval -50,18] behält die Oberhand.} 21. Ne2 Qf5) 21. e4 $36 {[%mdl 2048] Läuft bei Weiss.} Bxh3 {[#]} 22. Ne2 $1 Bxb2 {[%eval 164,18] [#]} (22... Qg4 $16 {[%eval 116,19]} 23. Ng3 Bxb2) 23. Rxb2 {[%eval 43,19]} ({Weiss braucht} 23. Ng3 $1 $18 {[%eval 164,18][%cal Rg3h5]} Qh6 24. Qxc5 (24. Rxb2 Ne6 $16)) 23... Ne6 {[%cal Oh3g2]} 24. Ng3 $1 Qg4 {[%cal Oh3g2] Zielt auf ...Lxg2! ab.} 25. Nh2 (25. gxh3 $2 Qxf3 26. Rd3 Qf4 $19) (25. Ne5 $5 Qg5 26. Nd7 $16) 25... Qh4 26. gxh3 Nf4 27. Qc1 Nxh3+ 28. Kg2 g5 {[%eval 162,19]} (28... Nf4+ $14 {[%eval 38,19]} 29. Kh1 Rae8) 29. Qe3 Nf4+ 30. Kg1 Rad8 {[%eval 233,17]} (30... Qh3 $16 {[%eval 159,18]} 31. Qf3 h5) 31. Rbd2 Rxd2 32. Rxd2 {Zielt auf Sf5 ab.} (32. Qxd2 Qh3 33. f3 Qxg3+ 34. Kh1 Nh3 $19) 32... Qh3 33. Qf3 {Pariert Dg2+.} h5 34. Nf5 Re8 35. Qxh3 {[%eval 120,14]} ({Günstiger ist} 35. Rd7 $18 {[%eval 166,18]}) 35... Nxh3+ 36. Kg2 g4 {[%eval 246,20]} (36... Nf4+ $16 {[%eval 149,19] ist wohl besser.} 37. Kf3 Ne6) 37. f3 Ng5 38. Nd6 {Gewichteter Fehlerwert: Weiß=0.30/Schwarz=0.31  Fehler:       	Weiß=7     	Schwarz=9     Ungenau:       	Weiß=1     	---        OK:         	Weiß=7     	Schwarz=11    Bester:       	Weiß=2     	Schwarz=4     Stark:        	Weiß=2     	---} 1-0

[Event "Braunfels SM 2025"]
[Site "?"]
[Date "2025.02.21"]
[Round "2"]
[Board "7"]
[White "Stehning, Toni"]
[Black "Stelter, Matthias"]
[Result "1-0"]
[WhiteElo "1884"]
[BlackElo "1460"]
[PlyCount "49"]
[GameId "524617104792"]
[SourceVersionDate "2025.02.08"]

{[%evp 9,49,132,127,110,183,177,179,169,179,174,140,140,191,82,146,94,174,157,228,228,326,333,321,325,331,58,380,363,556,575,580,594,864,864,1059,1034,887,878,1286,1286,1254,733]} 1. e4 d6 2. d4 c6 3. Nc3 Qc7 4. f4 e6 5. Nf3 Nd7 6. Bd3 {B12: Caro-Kann (Vorstoß-Variante).} Ne7 {[%eval 183,18]} (6... e5 $16 {[%eval 110,17]}) 7. O-O $18 d5 $146 (7... a5 8. Re1 a4 9. Qe2 g6 10. f5 Bg7 11. fxe6 fxe6 12. Bg5 Nf6 13. e5 dxe5 14. dxe5 {1-0 Phuyal,A (1914)-Thaiba,B (1467) Budha Bhandari Memorial Budhanilkantha 2019 (1)}) 8. exd5 {Weiß steht deutlich besser.} Nxd5 9. Nxd5 cxd5 10. f5 {[%cal Bf4f5,Bf5e6][%mdl 32]} Nf6 {[%eval 191,16] [#]} (10... exf5 $16 {[%eval 140,18]} 11. Qe2+ (11. Bxf5 Nf6 $14) 11... Be7) 11. Ne5 {[%eval 82,17]} (11. Bb5+ $1 $18 {[%eval 191,16] ist viel giftiger.} Bd7 12. Bxd7+ Qxd7 13. Ne5) 11... a6 {[%eval 146,17]} (11... Bd6 $142 {[%eval 82,17]}) 12. c4 {[%eval 94,17] Weiß steht aktiver.} (12. Qe1 $142 {[%eval 146,17]}) 12... Be7 {[%eval 174,17]} (12... Bd6 $16 {[%eval 94,17] ist eine bessere Verteidigung.}) 13. Bf4 {[%cal Oe5f7]} Qb6 {[%eval 228,16]} (13... dxc4 $16 {[%eval 157,18]} 14. Bxc4 (14. Nxf7 Qb6 $15) 14... Qa5) 14. c5 Qxb2 {[%eval 326,17]} (14... Qb4 $142 {[%eval 228,19]}) 15. fxe6 Qxd4+ 16. Kh1 {[%cal Od3b5]} Bxc5 (16... Bxe6 17. Bb5+ axb5 18. Qxd4 $18) 17. Nxf7 $2 {[%eval 58,18]} (17. exf7+ $18 {[%eval 331,14]} Kf8 18. Rb1) 17... Bxe6 $2 {[%eval 380,17][%mdl 8192] Das kostet Schwarz die Partie.} (17... O-O) 18. Nxh8 Ng4 {[%eval 556,15]} (18... Kd7 $142 {[%eval 363,17]} 19. Bg3 b6) 19. Qe2 {Weiß steht klar auf Gewinn.} (19. Bxh7 $2 {wird mattgesetzt.} Qg1+ 20. Rxg1 Nf2#) 19... Kd7 {[#]} 20. Rab1 $1 b6 {[#]} 21. Nf7 $1 {[%cal Ob1b6][%mdl 512] Und Txb6! würde nun gewinnen.} Nf2+ {[#]} (21... Qf2 22. Ne5+) 22. Rxf2 $1 Qxf2 23. Ne5+ Ke8 24. Qh5+ Kd8 25. Bg5+ {Schön gespielt von Stehning!   Gewichteter Fehlerwert: Weiß=0.24 (präzise) /Schwarz=1.05  Verlustzug:     	---       	Schwarz=1     Gewinn verpasst:   	Weiß=1     	---        Fehler:       	Weiß=2     	Schwarz=7     OK:         	Weiß=6     	Schwarz=2     Bester:       	Weiß=3     	---} 1-0

[Event "Braunfels SM 2025"]
[Site "?"]
[Date "2025.02.21"]
[Round "2"]
[Board "8"]
[White "Stehning, Michel"]
[Black "Henzelmann, Daria"]
[Result "1-0"]
[WhiteElo "1660"]
[BlackElo "1815"]
[PlyCount "135"]
[GameId "524618590589"]
[SourceVersionDate "2025.02.08"]

{[%evp 11,135,29,44,10,45,28,29,14,50,43,50,34,26,31,38,0,-17,-7,-17,-7,-10,-4,42,38,42,40,51,0,0,-62,-54,-45,-41,-64,-74,-68,-67,-83,-81,-76,-72,-120,-85,-89,-94,-96,-29,-28,290,0,11,17,149,119,219,198,197,186,193,99,121,114,167,174,216,121,148,103,124,128,169,103,149,76,91,76,106,117,120,48,71,71,134,144,157,216,10,5,5,7,240,68,250,218,253,130,385,374,374,378,381,366,374,400,364,404,421,466,468,473,469,588,475,615,615,654,614,713,676,721,727,724,724,754,734,779]} 1. d4 d5 2. Nf3 Nf6 3. Bf4 e6 4. e3 Be7 5. Nbd2 O-O 6. Bd3 Nbd7 7. Qe2 {D02: Damenbauernspiele.} a6 8. c3 c5 9. h4 {Weiß hat minimalen Vorteil.} c4 {[%eval 50,18]} (9... Qb6 $11 {[%eval 14,17]}) 10. Bc2 $14 b5 $146 (10... Re8 11. Ne5 Nf8 12. Qf3 Bd7 13. g4 Bc6 14. Rb1 {1-0 Ludewig,R (1897)-Bishop,P (1813) LUX-ch AB Differdingen 2007 (8.9)}) 11. e4 dxe4 12. Nxe4 Bb7 13. h5 {[%eval -17,16]} (13. Nxf6+ $1 $14 {[%eval 38,17]} Nxf6 14. O-O-O) 13... Nxe4 $11 14. Bxe4 Bxe4 15. Qxe4 Nf6 16. Qe2 Qd5 {[%eval 42,19]} (16... Nd5 $11 {[%eval -4,19]} 17. Be5 h6) 17. h6 $14 g6 18. Bg5 Rfe8 19. O-O {[%eval 0,20]} (19. Rh4 $14 {[%eval 51,19]}) 19... Ng4 $1 $11 20. Qd2 {[%eval -62,20]} (20. Bxe7 $11 {[%eval 0,20]} Rxe7 21. b3) 20... Bxg5 21. Nxg5 Nxh6 22. Rfe1 Ng4 23. f3 Nf6 24. Re5 Qd6 25. Qf4 Kg7 26. Rd1 {[%eval -120,17]} (26. Qxf6+ $142 {[%eval -72,18]} Kxf6 27. Ne4+ Ke7 28. Nxd6 Kxd6 29. a4) 26... h6 27. Ne4 Nxe4 28. Qxe4 f6 {[%eval -29,21]} (28... Rab8 $17 {[%eval -96,18]} 29. Qe3 Red8) 29. Rc5 e5 $2 {[%eval 290,18][%mdl 8192]} (29... Qd7 $11 {[%eval -28,18]}) 30. Rc6 $2 {[%eval 0,20]} (30. Rd5 f5 $16) (30. Qb7+ $1 $18 {[%eval 290,18]} Kf8 31. Rc6) 30... Qd8 31. d5 f5 {[%eval 149,19]} (31... Qd7 $11 {[%eval 17,19]}) 32. Qe3 $16 {Weiß steht deutlich aktiver.} Qd7 {[%eval 219,16]} (32... Rb8 $16 {[%eval 119,18]}) 33. Qb6 $18 Qd8 34. Rxg6+ {Weiß greift an} Kf7 35. Rxh6 {[%eval 99,20]} (35. Qc6 $18 {[%eval 193,20]} Rc8 36. Qxa6) 35... Qxb6+ $16 36. Rxb6 $18 {[%mdl 4096] Endspiel KTT-KTT. Weiß hat einen Mehrbauern.} Red8 {[%eval 167,19]} (36... Reb8 $16 {[%eval 114,21] war einen Versuch wert.} 37. Rc6 Rc8) 37. Kf2 Ra7 {[%eval 216,20]} (37... Rdb8 $142 {[%eval 174,21]} 38. Rc6 Rc8) 38. Rh6 {[%eval 121,20]} (38. Ke3 $18 {[%eval 216,20]}) 38... Rad7 $16 39. Rxa6 {[%eval 103,23]} (39. Ke3 $142 {[%eval 148,22]}) 39... Rxd5 40. Rxd5 Rxd5 {[#] KT-KT. Weiß hat einen Mehrbauern.} 41. Ke2 {[%eval 103,22] Gegen Td2+ gerichtet.} (41. Ke3 $1 $18 {[%eval 169,23]}) 41... Ke7 {[%eval 149,20]} (41... f4 $142 {[%eval 103,22]} 42. Rc6 Ke7) 42. a4 {[%eval 76,22]} (42. g3 $142 {[%eval 149,20]}) 42... bxa4 43. Rxa4 Rb5 44. Rb4 (44. Rxc4 Rxb2+ 45. Kf1 Rc2 $11) 44... Rc5 45. Rb6 {[%eval 48,22]} ({Vorzuziehen ist} 45. g4 $16 {[%eval 120,20]}) 45... Rc8 46. g4 fxg4 {[%eval 134,23]} (46... f4 $142 {[%eval 71,22]}) 47. fxg4 Rf8 48. b4 {[%eval 216,22]} (48. Ke3 $16 {[%eval 157,24]}) 48... cxb3 $2 {[%eval 10,21]} (48... Rg8 $18 {[%eval 216,22]} 49. Kf3 Rd8) 49. Rxb3 $11 Rf4 50. Rb4 {Zielt auf Txf4 ab.} Rf6 {[%eval 240,22] [#] Weiß behält die Zügel nun fest in der Hand.} (50... e4 $11 {[%eval 7,22] und Schwarz muss sich keine Sorgen machen.}) 51. Rb7+ $2 {[%eval 68,21]} ({Weiss braucht} 51. Rb5 $1 $18 {[%eval 240,22][%cal Rb5e5]}) 51... Ke8 $2 {[%eval 250,21]} (51... Kd8 $1 $14 {[%eval 68,21]}) 52. Rb5 $18 Re6 53. Ke3 {[%eval 130,22]} (53. c4 $18 {[%eval 253,21]}) 53... Kd7 $2 {[%eval 385,19][%mdl 8192]} (53... Kf7 $16 {[%eval 130,22]}) 54. Ke4 Rc6 55. Rxe5 ({Nicht} 55. Kxe5 Rc4 56. Rb4 Rxc3 $18) 55... Rxc3 56. Kf4 Rc1 57. Kf5 Rf1+ 58. Kg6 Kd6 59. Re2 {Weiß steht klar auf Gewinn.} Rg1 60. g5 {[%cal Bg4g5,Bg5g6,Bg6g7][%mdl 32]} Rf1 61. Kg7 Rg1 62. g6 Kd5 63. Kf7 Rf1+ 64. Kg8 Rg1 65. g7 Kd6 66. Rh2 Ke7 67. Kh8 Kf7 68. Rf2+ {Gewichteter Fehlerwert: Weiß=0.34/Schwarz=0.43  Verlustzug:     	---       	Schwarz=4     Gewinn verpasst:   	Weiß=2     	---        Fehler:       	Weiß=12    	Schwarz=10    Ungenau:       	---       	Schwarz=3     OK:         	Weiß=16    	Schwarz=16    Bester:       	Weiß=6     	Schwarz=5     Stark:        	---       	Schwarz=1} 1-0

[Event "Braunfels SM 2025"]
[Site "?"]
[Date "2025.02.21"]
[Round "2"]
[Board "9"]
[White "Kriesch, Achim"]
[Black "Ewin, Hans-Peter"]
[Result "1/2-1/2"]
[WhiteElo "1798"]
[BlackElo "1673"]
[PlyCount "56"]
[GameId "524615917500"]
[SourceVersionDate "2025.02.08"]

{[%evp 9,56,71,76,33,35,38,53,21,19,6,18,16,-9,-13,-16,-14,-18,-43,-30,-27,0,-8,0,-8,-6,-37,-18,-15,-29,-29,0,-27,-35,-35,-22,-41,-34,-39,36,38,34,44,74,66,83,79,89,90,89]} 1. d4 b5 2. e3 Bb7 3. Nf3 a6 4. c4 bxc4 5. Bxc4 e6 6. Nbd2 {[%eval 33,20] A40: Verschiedene (seltene) Antworten auf 1.d4.} (6. O-O $16 {[%eval 76,19]}) 6... Nf6 $14 7. O-O {[%cal Oe3e4]} c5 8. dxc5 {Weiß steht etwas besser.} Bxc5 9. Nb3 Be7 10. Bd2 $146 (10. Nbd2 Nc6 11. a3 Qa5 12. b4 Qh5 13. Bb2 g5 14. Be2 g4 15. Nd4 Rg8 16. Nxc6 Bxc6 {0-1 Somma,E (1561)-Di Meo,A (1811) Napoli Autunno Vomero op-A 2016 (1)}) 10... Nc6 {Es drohte Sa5} 11. Nfd4 Nxd4 12. exd4 O-O 13. Ba5 Qb8 14. Qe2 d6 {Verhindert Sc5} 15. Rac1 Rc8 16. Bd3 Qa7 17. Qd2 h6 18. Rxc8+ Rxc8 19. Rc1 Rxc1+ 20. Qxc1 Qa8 21. Bf1 Nd5 22. Bd2 Bf6 23. Qc4 Bc6 {[%eval 36,20]} (23... Ne7 $1 $15 {[%eval -39,19]}) 24. Qxa6 Qxa6 25. Bxa6 Nc7 26. Bd3 Bd5 27. Bc3 Bxb3 28. axb3 Kf8 {Gewichteter Fehlerwert: Weiß=0.10 (sehr präzise) /Schwarz=0.12 (sehr präzise)   Fehler:       	---       	Schwarz=1     Ungenau:       	Weiß=3     	Schwarz=2     OK:         	Weiß=6     	Schwarz=10    Bester:       	Weiß=1     	---} 1/2-1/2

[Event "Braunfels SM 2025"]
[Site "?"]
[Date "2025.02.21"]
[Round "2"]
[Board "12"]
[White "Maier, Dietrich"]
[Black "van der Riet, Ernst"]
[Result "1/2-1/2"]
[WhiteElo "1215"]
[BlackElo "1785"]
[PlyCount "42"]
[GameId "524614887333"]
[SourceVersionDate "2025.02.08"]

{[%evp 14,42,17,-3,18,-1,0,-7,0,-8,0,-12,-8,-13,69,-13,41,36,52,25,42,41,173,44,37,38,33,26,30,0,0]} 1. e4 e5 2. Nf3 Nc6 3. Bb5 a6 4. Ba4 Nf6 5. d3 d6 6. Bxc6+ bxc6 7. O-O Be7 8. Nc3 O-O {C77: Spanische Partie (Anderssen-Variante).} 9. Re1 Bg4 10. h3 Bh5 11. b3 $146 (11. Bg5 Rb8 12. b3 h6 13. Bh4 Nh7 14. Bxe7 Qxe7 15. Rc1 Ng5 16. g4 Nxh3+ 17. Kg2 Bxg4 {0-1 Mjatezs,I (1406)-Orozbaev,E (1554) Wch U10 Batumi 2016 (6)}) 11... Qd7 12. Bb2 h6 13. Re3 g5 {[%eval 69,19]} (13... c5 $11 {[%eval -13,18]}) 14. g4 {[%eval -13,19]} ({Besser ist} 14. d4 $14 {[%eval 69,19]}) 14... Bg6 {[%eval 41,17]} (14... Nxg4 $1 $11 {[%eval -13,19]} 15. hxg4 Qxg4+ 16. Kh1 Qf4) 15. d4 $14 exd4 16. Nxd4 Rfe8 17. Qf3 Nh7 {[%eval 173,18] [#]} (17... d5 $14 {[%eval 41,18]}) 18. Nf5 {[%eval 44,17]} ({Der einzige Zug:} 18. e5 $1 $18 {[%eval 173,18]}) 18... Bxf5 $1 19. Qxf5 Qxf5 20. exf5 Bf6 21. Na4 Rxe3 {Gewichteter Fehlerwert: Weiß=0.33/Schwarz=0.31  Fehler:       	Weiß=2     	Schwarz=3     Ungenau:       	Weiß=2     	---        OK:         	Weiß=1     	Schwarz=5     Bester:       	Weiß=1     	---        Stark:        	---       	Schwarz=1} 1/2-1/2

[Event "Braunfels SM 2025"]
[Site "?"]
[Date "2025.03.07"]
[Round "3"]
[Board "1"]
[White "Stripling, Valentin"]
[Black "Diehl, Andreas"]
[Result "0-1"]
[WhiteElo "1694"]
[BlackElo "1948"]
[PlyCount "62"]
[GameId "525878658023"]
[SourceVersionDate "2025.02.08"]

{[%evp 9,62,-19,-18,-28,-7,-10,22,10,43,28,27,24,17,23,63,37,40,4,18,21,20,9,14,-33,-38,-52,-45,-47,-39,-179,-179,-191,-168,-289,-188,-258,-254,-252,-266,-258,-234,-238,-238,-258,-205,-199,-192,-193,-182,-238,-176,-256,-162,-460,-443]} 1. d4 Nf6 2. Nf3 g6 3. e3 Bg7 4. Bd3 d6 5. Nbd2 O-O 6. b3 {A48: Königsindisch (ohne c2-c4).} Nbd7 7. Bb2 c6 {[%cal Oe7e5]} 8. O-O {Die Stellung ist ausgeglichen.} Qc7 9. Rc1 e5 10. c4 Re8 {[#] Droht ...e4 und aus.} 11. Qc2 Nf8 {[%eval 63,17]} (11... Qd8 $11 {[%eval 23,17]}) 12. dxe5 $146 (12. h3 Bd7 13. Rfe1 c5 14. Qc3 e4 15. dxc5 exd3 16. cxd6 Qxd6 17. Nd4 Ne6 18. Qxd3 Nxd4 19. exd4 {0-1 Nguyen Thi Diem,T-Ngo Thi Cam,T VIE-ch U20 Girls Vietnam 2002 (8)}) 12... dxe5 13. Ng5 {[%eval 4,18]} (13. c5 $14 {[%eval 40,17]}) 13... h6 14. Nge4 Nxe4 15. Nxe4 Bf5 16. Kh1 {[%eval -33,21]} (16. h4 $11 {[%eval 14,18] sieht stärker aus.}) 16... Ne6 17. Rg1 Bxe4 18. Bxe4 f5 19. Bxf5 {[%eval -179,18] Ein Fehler, der zur Niederlage führt.} gxf5 $19 20. Qxf5 Qf7 21. Qg4 {[%eval -289,19]} (21. Qc2 $142 {[%eval -168,19]}) 21... Kh8 22. Qg3 {[%eval -258,18]} (22. Qe2 $142 {[%eval -188,19]}) 22... Nc5 23. f3 {Lässt Se4 nicht zu} Nd3 24. Rc2 Nxb2 25. Rxb2 Rad8 {Verhindert Td2.} 26. e4 Rd3 27. Qf2 b6 28. Rd2 Red8 29. Rgd1 Rxd2 30. Rxd2 Qf6 31. g3 $2 {[%eval -460,19] [#]} (31. Rxd8+ {[%eval -162,19]} Qxd8 32. h4) 31... Rxd2 {Gewichteter Fehlerwert: Weiß=0.42/Schwarz=0.20 (präzise)   Fehler:       	Weiß=6     	Schwarz=1     Ungenau:       	Weiß=2     	Schwarz=4     OK:         	Weiß=8     	Schwarz=6     Bester:       	---       	Schwarz=2} 0-1

[Event "Braunfels SM 2025"]
[Site "?"]
[Date "2025.03.07"]
[Round "3"]
[Board "2"]
[White "Swoboda, Sebastian"]
[Black "Stehning, Toni"]
[Result "0-1"]
[WhiteElo "1720"]
[BlackElo "1884"]
[PlyCount "42"]
[GameId "525876939550"]
[SourceVersionDate "2025.02.08"]

{[%evp 20,42,37,2,7,-20,8,-3,27,-22,13,-17,-20,-11,20,28,17,14,14,-64,-62,-139,-126,-213,-213]} 1. d4 d5 2. c4 e6 3. Nc3 c5 4. cxd5 exd5 5. Nf3 Nc6 6. g3 Nf6 7. Bg2 Be7 8. O-O O-O 9. dxc5 Bxc5 10. Bg5 Be6 11. a3 h6 {D34: Damengambit (Tarrasch-Verteidigung, Hauptvariante).} 12. Bxf6 Qxf6 13. Rc1 {[%cal Oe2e4]} Rad8 {Die Stellung ist ausgeglichen.} 14. h3 $146 {[%eval -22,16]} (14. Ne1 {[%eval 27,17] ist eher angebracht.}) (14. b4 Be7 15. Na4 Ne5 16. Nxe5 Qxe5 17. Nc5 b6 18. Nxe6 fxe6 19. Qd3 Rc8 20. e3 {0-1 Zrost,R (1941)-Stevik,P (2275) SVK-ch Amateurs Liptovsky Jan 2023 (2)}) 14... Bb6 15. b4 Rfe8 16. Na4 Nd4 17. Nxb6 Nxf3+ 18. exf3 axb6 19. Rc7 {[%eval -64,19]} (19. f4 $11 {[%eval 14,18]}) 19... d4 $15 {[#]} 20. f4 {[%eval -139,21]} ({Vorzuziehen ist} 20. Qd2 $15 {[%eval -62,18]}) 20... d3 $17 {Weiss muss nun ...Db2 beachten. Schwarz spielt im Zentrum} 21. Re1 {[%eval -213,20]} (21. Qd2 $17 {[%eval -126,19] ist eine bessere Verteidigung.}) 21... Qb2 {Gewichteter Fehlerwert: Weiß=0.39/Schwarz=0.15 (sehr präzise)   Fehler:       	Weiß=4     	---        Ungenau:       	Weiß=2     	Schwarz=4     OK:         	Weiß=1     	Schwarz=5} 0-1